Papaya: biology, cultivation, production and uses

Gespeichert in:
Bibliographische Detailangaben
1. Verfasser: SARAN, Parmeshwar Lal
Format: Buch
Sprache:Englisch
Veröffentlicht: CRC Press 2016
Tags: Tag hinzufügen
Keine Tags, Fügen Sie den ersten Tag hinzu!

MARC

LEADER 00000nam a22000007a 4500
008 210125b ||||| |||| 00| 0 eng d
020 |a : 978-1-4987-3560-5 
100 |a SARAN, Parmeshwar Lal 
245 |a Papaya: biology, cultivation, production and uses  |c Parmeshwar Lal Saran Ishwar Singh Solanki, Ravish Choudhary.- 
260 |b CRC Press  |c 2016  |h Boca Raton  |i 689915  |l HD9259 .P232Sa7  |m  Papaya industry  |m Papaya.  |m Tropical fruit 
942 |a lcc  |c BK  |e Mr ogunleye 
952 |0 0  |1 0  |2 lcc  |4 0  |6 HD9259 P232 S A7  |7 0  |9 1654  |a HOL  |b HOL  |d 2021-01-25  |l 0  |o HD9259 .P232Sa7  |p 2021-0440  |r 2021-01-25 00:00:00  |w 2021-01-25  |y BK 
999 |c 879  |d 879